<?xml version="1.0" encoding="UTF-8"?>
<record
    xmlns:xsi="http://www.w3.org/2001/XMLSchema-instance"
    xsi:schemaLocation="http://www.loc.gov/MARC21/slim http://www.loc.gov/standards/marcxml/schema/MARC21slim.xsd"
    xmlns="http://www.loc.gov/MARC21/slim">

  <leader>08345nam a2201777 c 4500</leader>
  <controlfield tag="001">a6817539</controlfield>
  <controlfield tag="003">PE-LiUPU</controlfield>
  <controlfield tag="005">20250813170012.0</controlfield>
  <controlfield tag="008">210305s2021    sp a   | |||| 000 0 spa  </controlfield>
  <datafield tag="020" ind1=" " ind2=" ">
    <subfield code="a">9788491136781</subfield>
  </datafield>
  <datafield tag="040" ind1=" " ind2=" ">
    <subfield code="a">PE-LiUPU</subfield>
    <subfield code="b">spa</subfield>
    <subfield code="c">PE-LiUPU</subfield>
    <subfield code="e">rda</subfield>
  </datafield>
  <datafield tag="082" ind1=" " ind2=" ">
    <subfield code="2">23</subfield>
    <subfield code="a">610.7343</subfield>
    <subfield code="b">M294</subfield>
  </datafield>
  <datafield tag="130" ind1="0" ind2=" ">
    <subfield code="a">Manual pr&#xE1;ctico de enfermer&#xED;a comunitaria</subfield>
  </datafield>
  <datafield tag="245" ind1="1" ind2="0">
    <subfield code="a">Manual pr&#xE1;ctico de enfermer&#xED;a comunitaria /</subfield>
    <subfield code="c">Jos&#xE9; Ram&#xF3;n Mart&#xED;nez-Riera, Rafael del Pino Casado</subfield>
  </datafield>
  <datafield tag="250" ind1=" " ind2=" ">
    <subfield code="a">2.&#xAA; edici&#xF3;n</subfield>
  </datafield>
  <datafield tag="264" ind1=" " ind2="1">
    <subfield code="a">Barcelona, Espa&#xF1;a</subfield>
    <subfield code="b">Elsevier,</subfield>
    <subfield code="c">[2021]</subfield>
  </datafield>
  <datafield tag="264" ind1=" " ind2="4">
    <subfield code="c">&#xA9;2021</subfield>
  </datafield>
  <datafield tag="300" ind1=" " ind2=" ">
    <subfield code="a">XXII, 728 p&#xE1;ginas</subfield>
    <subfield code="b">ilustraciones (blanco y negro), gr&#xE1;ficos (blanco y negro)</subfield>
    <subfield code="c">24 cm</subfield>
  </datafield>
  <datafield tag="336" ind1=" " ind2=" ">
    <subfield code="a">Texto</subfield>
    <subfield code="2">rdacontent</subfield>
  </datafield>
  <datafield tag="337" ind1=" " ind2=" ">
    <subfield code="a">sin mediaci&#xF3;n</subfield>
    <subfield code="2">rdamedia</subfield>
  </datafield>
  <datafield tag="338" ind1=" " ind2=" ">
    <subfield code="a">volumen</subfield>
    <subfield code="2">rdacarrier</subfield>
  </datafield>
  <datafield tag="500" ind1=" " ind2=" ">
    <subfield code="a">"Asociaci&#xF3;n de Enfermer&#xED;a Comunitaria"--Cubierta</subfield>
  </datafield>
  <datafield tag="504" ind1=" " ind2=" ">
    <subfield code="a">Incluye referencias bibliogr&#xE1;ficas</subfield>
  </datafield>
  <datafield tag="505" ind1=" " ind2=" ">
    <subfield code="a">Accesibilidad -- Accidentes en prsonas mayores : las ca&#xED;das y su prevenci&#xF3;n -- Activos de salud en el trabajo comunitario -- Aerosoles -- Agente de salud -- Ancian o fr&#xE1;gil -- Atenci&#xF3;n a la mujer en la edad media de la vida. Valoraci&#xF3;n y cuidados de enfermer&#xED;a a la mujer en el climaterio -- Atenci&#xF3;n a la poblaci&#xF3;n infantil y adolescente en atenci&#xF3;n comunitaria -- Atenci&#xF3;n a la sexualidad humana en enfermer&#xED;a comunitaria -- Atenci&#xF3;n domiciliaria -- Atenci&#xF3;n familiar domiciliaria: evaluaci&#xF3;n -- Atenci&#xF3;n familiar domiciliaria: planificaci&#xF3;n -- Atenci&#xF3;n integral, integrada e integradora biopsicosocial y espiritual -- Atenci&#xF3;n primaria de salud: perspectivas de futuro -- Bienestar: la medici&#xF3;n de la calidad de vida relacionada con la salud -- Calidad asistencial: concepto -- Calidad en enfermer&#xED;a familiar y comunitaria -- Calidad, evaluaci&#xF3;n y mejora -- Cartera de servicios &#x2013; Competencias en cuidados &#x2013; Comunidad &#x2013; Consulta enfermera &#x2013; Continuidad de cuidados: nuevas figuras de gesti&#xF3;n &#x2013; Control de la salud infantil &#x2013; Cronicidad: implicaci&#xF3;n y abordaje en atenci&#xF3;n primaria &#x2013; Cuidadora familiar &#x2013; Cuidados complementarios para la salud -- Declaraci&#xF3;n de Alma-Ata -- Demograf&#xED;a y salud -- Diabetes: educaci&#xF3;n para la salud -- Diabetes mellitus -- Diagn&#xF3;stico de salud -- Diagn&#xF3;stico enfermero: l&#xED;neas futuras de desarrollo e investigaci&#xF3;n -- Discapacidad: valoraci&#xF3;n -- Duelo y sus fases -- Educaci&#xF3;n para la salud -- Electrocardiograma -- Emergencias en atenci&#xF3;n primaria -- Enfermedad de Alzheimer &#x2013; Enfermedad pulmonar obstructiva cr&#xF3;nica &#x2013; Enfermera comunitaria &#x2013;Enfermer&#xED;a basada en las evidencias &#x2013; Entrevista &#x2013; Envejecimiento &#x2013; Epidemiolog&#xED;a en atenci&#xF3;n primaria: aportaciones &#x2013; Epidemiolog&#xED;a en atenci&#xF3;n primaria: concepto y m&#xE9;todo &#x2013; Escalas de valoraci&#xF3;n &#x2013; Espirometr&#xED;a: pruebas funcionales respiratorias &#x2013; Estilos de vida &#x2013; &#xC9;tica de la atenci&#xF3;n en enfermer&#xED;a &#x2013; Extracci&#xF3;n de muestras de sangre &#x2013; Familia: Funciones &#x2013; Familia y ciclo vital &#x2013; Familia y estructura &#x2013; Familia y salud &#x2013; G&#xE9;nero y salud &#x2013; Genograma familiar &#x2013; Gesti&#xF3;n de los cuidados &#x2013; Grupales, actividades &#x2013; Gu&#xED;as de pr&#xE1;ctica cl&#xED;nica y otros procedimientos de estandarizaci&#xF3;n de los cuidados &#x2013; Heridas: cuidados &#x2013; Hipertensi&#xF3;n arterial: Educaci&#xF3;n para la salud &#x2013; Historia cl&#xED;nica en atenci&#xF3;n primaria &#x2013; Humanizaci&#xF3;n en atenci&#xF3;n primaria &#x2013; Interrrelaci&#xF3;n &#x2013; Intersectorialidad &#x2013; Intervenci&#xF3;n comunitaria &#x2013; Investigaci&#xF3;n acci&#xF3;n participativa y appreciative inquiry &#x2013; Investigaci&#xF3;n cuantitativa frente a cualitativa &#x2013; Investigaci&#xF3;n enfermera en atenci&#xF3;n primaria: prioridades &#x2013; Inyectable: t&#xE9;cnica &#x2013; J&#xF3;venes y drogas &#x2013; J&#xF3;venes y trastornos de la conducta alimentaria &#x2013; Lactancia materna &#x2013; Lenguajes estandarizados enfermeros en atenci&#xF3;n primaria &#x2013; Lesiones no intencionadas en pediatr&#xED;a &#x2013; Medidas de asociaci&#xF3;n o tama&#xF1;o del efecto &#x2013; Medidas de frecuencia &#x2013; Medidas de impacto &#x2013; Metodolog&#xED;a de cuidados en atenci&#xF3;n primaria: an&#xE1;lisis de la situaci&#xF3;n y propuestas de mejora &#x2013; M&#xE9;todos anticonceptivos &#x2013; Multiculturalidad -- Necesidades en salud -- Nutrici&#xF3;n y alimentaci&#xF3;n: evidencia en las recomendaciones y nuevas aportaciones metodol&#xF3;gicas -- Obesidad: atenci&#xF3;n enfermera -- Observaci&#xF3;n -- Organizaci&#xF3;n de los cuidados -- Osteoarticulares, enfermedades: atenci&#xF3;n enfermera -- Ostom&#xED;as -- Oxigenoterapia -- Paciente con necesidades paliativas: atenci&#xF3;n enfermera -- Participaci&#xF3;n comunitaria en salud -- Pol&#xED;ticas de salud &#x2013; Precauciones est&#xE1;ndar &#x2013; Prescripci&#xF3;n enfermera en atenci&#xF3;n primaria &#x2013; Programas de salud &#x2013; Promoci&#xF3;n de salud &#x2013; Quemaduras &#x2013; Reanimaci&#xF3;n cardiopulmonar b&#xE1;sica &#x2013; Redes sociales &#x2013; Salud-enfermedad: conceptos sociales &#x2013; Salud escolar: la enfermera escolar Salud maternal: atenci&#xF3;n &#x2013; Salud p&#xFA;blica: funciones -- Salutog&#xE9;nesis &#x2013; Sociosanitario, aportaciones de la gesti&#xF3;n de casos &#x2013; Sociosanitario, espacio -- Sondaje nasog&#xE1;strico -- Sondaje vesical -- Suturas cut&#xE1;neas -- Tabaco: intervenci&#xF3;n enfermera -- Taponamiento nasal y epistaxis -- Tapones de cerumen, extracci&#xF3;n -- Toma de presi&#xF3;n arterial -- Trabajo en equipo -- Ulceras por presi&#xF3;n: una gu&#xED;a para el tratamiento en atenci&#xF3;n domiciliaria -- &#xDA;lceras por presi&#xF3;n: prevenci&#xF3;n &#x2013; Vacunas &#x2013; Vendajes -- Vigilancia epidemiol&#xF3;gica: redes centinela --Violencia de g&#xE9;nero &#x2013; Yatrogenia.
</subfield>
  </datafield>
  <datafield tag="526" ind1=" " ind2=" ">
    <subfield code="a">P203</subfield>
  </datafield>
  <datafield tag="526" ind1=" " ind2=" ">
    <subfield code="a">P200</subfield>
  </datafield>
  <datafield tag="526" ind1=" " ind2=" ">
    <subfield code="a">SEG65</subfield>
  </datafield>
  <datafield tag="526" ind1=" " ind2=" ">
    <subfield code="a">SEG64</subfield>
  </datafield>
  <datafield tag="526" ind1=" " ind2=" ">
    <subfield code="a">SEG63</subfield>
  </datafield>
  <datafield tag="526" ind1=" " ind2=" ">
    <subfield code="a">SEG62</subfield>
  </datafield>
  <datafield tag="526" ind1=" " ind2=" ">
    <subfield code="a">SEG61</subfield>
  </datafield>
  <datafield tag="526" ind1=" " ind2=" ">
    <subfield code="a">SEG60</subfield>
  </datafield>
  <datafield tag="526" ind1=" " ind2=" ">
    <subfield code="a">SEG59</subfield>
  </datafield>
  <datafield tag="526" ind1=" " ind2=" ">
    <subfield code="a">SEG58</subfield>
  </datafield>
  <datafield tag="526" ind1=" " ind2=" ">
    <subfield code="a">SEG57</subfield>
  </datafield>
  <datafield tag="526" ind1=" " ind2=" ">
    <subfield code="a">SEG56</subfield>
  </datafield>
  <datafield tag="526" ind1=" " ind2=" ">
    <subfield code="a">SEG55</subfield>
  </datafield>
  <datafield tag="526" ind1=" " ind2=" ">
    <subfield code="a">SEG54</subfield>
  </datafield>
  <datafield tag="526" ind1=" " ind2=" ">
    <subfield code="a">SEG53</subfield>
  </datafield>
  <datafield tag="526" ind1=" " ind2=" ">
    <subfield code="a">SEG52</subfield>
  </datafield>
  <datafield tag="526" ind1=" " ind2=" ">
    <subfield code="a">SEG51</subfield>
  </datafield>
  <datafield tag="526" ind1=" " ind2=" ">
    <subfield code="a">SEG50</subfield>
  </datafield>
  <datafield tag="526" ind1=" " ind2=" ">
    <subfield code="a">SEG49</subfield>
  </datafield>
  <datafield tag="526" ind1=" " ind2=" ">
    <subfield code="a">SEG48</subfield>
  </datafield>
  <datafield tag="526" ind1=" " ind2=" ">
    <subfield code="a">SEG47</subfield>
  </datafield>
  <datafield tag="526" ind1=" " ind2=" ">
    <subfield code="a">SEG46</subfield>
  </datafield>
  <datafield tag="526" ind1=" " ind2=" ">
    <subfield code="a">SEG24</subfield>
  </datafield>
  <datafield tag="526" ind1=" " ind2=" ">
    <subfield code="a">SEG23</subfield>
  </datafield>
  <datafield tag="526" ind1=" " ind2=" ">
    <subfield code="a">SEG22</subfield>
  </datafield>
  <datafield tag="526" ind1=" " ind2=" ">
    <subfield code="a">SEG21</subfield>
  </datafield>
  <datafield tag="526" ind1=" " ind2=" ">
    <subfield code="a">SEG20</subfield>
  </datafield>
  <datafield tag="526" ind1=" " ind2=" ">
    <subfield code="a">SEG19</subfield>
  </datafield>
  <datafield tag="526" ind1=" " ind2=" ">
    <subfield code="a">SEG18</subfield>
  </datafield>
  <datafield tag="526" ind1=" " ind2=" ">
    <subfield code="a">SEG17</subfield>
  </datafield>
  <datafield tag="526" ind1=" " ind2=" ">
    <subfield code="a">SEG16</subfield>
  </datafield>
  <datafield tag="526" ind1=" " ind2=" ">
    <subfield code="a">SEG14</subfield>
  </datafield>
  <datafield tag="526" ind1=" " ind2=" ">
    <subfield code="a">SEG13</subfield>
  </datafield>
  <datafield tag="526" ind1=" " ind2=" ">
    <subfield code="a">SEG12</subfield>
  </datafield>
  <datafield tag="526" ind1=" " ind2=" ">
    <subfield code="a">SEG11</subfield>
  </datafield>
  <datafield tag="526" ind1=" " ind2=" ">
    <subfield code="a">SEG10</subfield>
  </datafield>
  <datafield tag="526" ind1=" " ind2=" ">
    <subfield code="a">SEG09</subfield>
  </datafield>
  <datafield tag="526" ind1=" " ind2=" ">
    <subfield code="a">SEG06</subfield>
  </datafield>
  <datafield tag="526" ind1=" " ind2=" ">
    <subfield code="a">SEG05</subfield>
  </datafield>
  <datafield tag="526" ind1=" " ind2=" ">
    <subfield code="a">SEG04</subfield>
  </datafield>
  <datafield tag="526" ind1=" " ind2=" ">
    <subfield code="a">SEG03</subfield>
  </datafield>
  <datafield tag="526" ind1=" " ind2=" ">
    <subfield code="a">SEG02</subfield>
  </datafield>
  <datafield tag="526" ind1=" " ind2=" ">
    <subfield code="a">SEG68</subfield>
  </datafield>
  <datafield tag="526" ind1=" " ind2=" ">
    <subfield code="a">SEG66</subfield>
  </datafield>
  <datafield tag="526" ind1=" " ind2=" ">
    <subfield code="a">SEG45</subfield>
  </datafield>
  <datafield tag="526" ind1=" " ind2=" ">
    <subfield code="a">SEG25</subfield>
  </datafield>
  <datafield tag="526" ind1=" " ind2=" ">
    <subfield code="a">SEG01</subfield>
  </datafield>
  <datafield tag="526" ind1=" " ind2=" ">
    <subfield code="a">P163</subfield>
  </datafield>
  <datafield tag="526" ind1=" " ind2=" ">
    <subfield code="a">P162</subfield>
  </datafield>
  <datafield tag="526" ind1=" " ind2=" ">
    <subfield code="a">P161</subfield>
  </datafield>
  <datafield tag="526" ind1=" " ind2=" ">
    <subfield code="a">P160</subfield>
  </datafield>
  <datafield tag="526" ind1=" " ind2=" ">
    <subfield code="a">P159</subfield>
  </datafield>
  <datafield tag="526" ind1=" " ind2=" ">
    <subfield code="a">P158</subfield>
  </datafield>
  <datafield tag="526" ind1=" " ind2=" ">
    <subfield code="a">P157</subfield>
  </datafield>
  <datafield tag="526" ind1=" " ind2=" ">
    <subfield code="a">P156</subfield>
  </datafield>
  <datafield tag="526" ind1=" " ind2=" ">
    <subfield code="a">P155</subfield>
  </datafield>
  <datafield tag="526" ind1=" " ind2=" ">
    <subfield code="a">P154</subfield>
  </datafield>
  <datafield tag="526" ind1=" " ind2=" ">
    <subfield code="a">P153</subfield>
  </datafield>
  <datafield tag="526" ind1=" " ind2=" ">
    <subfield code="a">P152</subfield>
  </datafield>
  <datafield tag="526" ind1=" " ind2=" ">
    <subfield code="a">P151</subfield>
  </datafield>
  <datafield tag="526" ind1=" " ind2=" ">
    <subfield code="a">P150</subfield>
  </datafield>
  <datafield tag="526" ind1=" " ind2=" ">
    <subfield code="a">P149</subfield>
  </datafield>
  <datafield tag="526" ind1=" " ind2=" ">
    <subfield code="a">P142</subfield>
  </datafield>
  <datafield tag="526" ind1=" " ind2=" ">
    <subfield code="a">P141</subfield>
  </datafield>
  <datafield tag="526" ind1=" " ind2=" ">
    <subfield code="a">P140</subfield>
  </datafield>
  <datafield tag="526" ind1=" " ind2=" ">
    <subfield code="a">P139</subfield>
  </datafield>
  <datafield tag="526" ind1=" " ind2=" ">
    <subfield code="a">P138</subfield>
  </datafield>
  <datafield tag="526" ind1=" " ind2=" ">
    <subfield code="a">P137</subfield>
  </datafield>
  <datafield tag="526" ind1=" " ind2=" ">
    <subfield code="a">P132</subfield>
  </datafield>
  <datafield tag="526" ind1=" " ind2=" ">
    <subfield code="a">P131</subfield>
  </datafield>
  <datafield tag="526" ind1=" " ind2=" ">
    <subfield code="a">P130</subfield>
  </datafield>
  <datafield tag="526" ind1=" " ind2=" ">
    <subfield code="a">P126</subfield>
  </datafield>
  <datafield tag="526" ind1=" " ind2=" ">
    <subfield code="a">P125</subfield>
  </datafield>
  <datafield tag="526" ind1=" " ind2=" ">
    <subfield code="a">P124</subfield>
  </datafield>
  <datafield tag="526" ind1=" " ind2=" ">
    <subfield code="a">P123</subfield>
  </datafield>
  <datafield tag="526" ind1=" " ind2=" ">
    <subfield code="a">P115</subfield>
  </datafield>
  <datafield tag="526" ind1=" " ind2=" ">
    <subfield code="a">P122</subfield>
  </datafield>
  <datafield tag="526" ind1=" " ind2=" ">
    <subfield code="a">P121</subfield>
  </datafield>
  <datafield tag="526" ind1=" " ind2=" ">
    <subfield code="a">P116</subfield>
  </datafield>
  <datafield tag="526" ind1=" " ind2=" ">
    <subfield code="a"> P114</subfield>
  </datafield>
  <datafield tag="526" ind1=" " ind2=" ">
    <subfield code="a">P112</subfield>
  </datafield>
  <datafield tag="526" ind1=" " ind2=" ">
    <subfield code="a">P111</subfield>
  </datafield>
  <datafield tag="526" ind1=" " ind2=" ">
    <subfield code="a">P104</subfield>
  </datafield>
  <datafield tag="526" ind1=" " ind2=" ">
    <subfield code="a">P103</subfield>
  </datafield>
  <datafield tag="526" ind1=" " ind2=" ">
    <subfield code="a">P102</subfield>
  </datafield>
  <datafield tag="526" ind1=" " ind2=" ">
    <subfield code="a">P101</subfield>
  </datafield>
  <datafield tag="526" ind1=" " ind2=" ">
    <subfield code="a">P100</subfield>
  </datafield>
  <datafield tag="526" ind1=" " ind2=" ">
    <subfield code="a">P96</subfield>
  </datafield>
  <datafield tag="526" ind1=" " ind2=" ">
    <subfield code="a">P95</subfield>
  </datafield>
  <datafield tag="526" ind1=" " ind2=" ">
    <subfield code="a">P93</subfield>
  </datafield>
  <datafield tag="526" ind1=" " ind2=" ">
    <subfield code="a">P92</subfield>
  </datafield>
  <datafield tag="526" ind1=" " ind2=" ">
    <subfield code="a">P91</subfield>
  </datafield>
  <datafield tag="526" ind1=" " ind2=" ">
    <subfield code="a">P88</subfield>
  </datafield>
  <datafield tag="526" ind1=" " ind2=" ">
    <subfield code="a">P83</subfield>
  </datafield>
  <datafield tag="526" ind1=" " ind2=" ">
    <subfield code="a">P82</subfield>
  </datafield>
  <datafield tag="526" ind1=" " ind2=" ">
    <subfield code="a">P79</subfield>
  </datafield>
  <datafield tag="526" ind1=" " ind2=" ">
    <subfield code="a">P78</subfield>
  </datafield>
  <datafield tag="526" ind1=" " ind2=" ">
    <subfield code="a">P75</subfield>
  </datafield>
  <datafield tag="526" ind1=" " ind2=" ">
    <subfield code="a">P74</subfield>
  </datafield>
  <datafield tag="526" ind1=" " ind2=" ">
    <subfield code="a">P71</subfield>
  </datafield>
  <datafield tag="526" ind1=" " ind2=" ">
    <subfield code="a">P69</subfield>
  </datafield>
  <datafield tag="526" ind1=" " ind2=" ">
    <subfield code="a"> P51</subfield>
  </datafield>
  <datafield tag="526" ind1=" " ind2=" ">
    <subfield code="a">P49</subfield>
  </datafield>
  <datafield tag="526" ind1=" " ind2=" ">
    <subfield code="a">P48</subfield>
  </datafield>
  <datafield tag="526" ind1=" " ind2=" ">
    <subfield code="a">P47</subfield>
  </datafield>
  <datafield tag="526" ind1=" " ind2=" ">
    <subfield code="a">P33</subfield>
  </datafield>
  <datafield tag="526" ind1=" " ind2=" ">
    <subfield code="a">P31</subfield>
  </datafield>
  <datafield tag="526" ind1=" " ind2=" ">
    <subfield code="a"> P30</subfield>
  </datafield>
  <datafield tag="526" ind1=" " ind2=" ">
    <subfield code="a">P29</subfield>
  </datafield>
  <datafield tag="526" ind1=" " ind2=" ">
    <subfield code="a">P27</subfield>
  </datafield>
  <datafield tag="526" ind1=" " ind2=" ">
    <subfield code="a">P26</subfield>
  </datafield>
  <datafield tag="526" ind1=" " ind2=" ">
    <subfield code="a">P25</subfield>
  </datafield>
  <datafield tag="526" ind1=" " ind2=" ">
    <subfield code="a">P24</subfield>
  </datafield>
  <datafield tag="526" ind1=" " ind2=" ">
    <subfield code="a"> P22</subfield>
  </datafield>
  <datafield tag="526" ind1=" " ind2=" ">
    <subfield code="a">P10</subfield>
  </datafield>
  <datafield tag="526" ind1=" " ind2=" ">
    <subfield code="a">P09</subfield>
  </datafield>
  <datafield tag="526" ind1=" " ind2=" ">
    <subfield code="a"> P08</subfield>
  </datafield>
  <datafield tag="526" ind1=" " ind2=" ">
    <subfield code="a">P06</subfield>
  </datafield>
  <datafield tag="526" ind1=" " ind2=" ">
    <subfield code="a">P05</subfield>
  </datafield>
  <datafield tag="526" ind1=" " ind2=" ">
    <subfield code="a">P04</subfield>
  </datafield>
  <datafield tag="526" ind1=" " ind2=" ">
    <subfield code="a">P01</subfield>
  </datafield>
  <datafield tag="650" ind1=" " ind2="7">
    <subfield code="a">Enfermer&#xED;a de atenci&#xF3;n primaria</subfield>
    <subfield code="2">embne</subfield>
  </datafield>
  <datafield tag="700" ind1="1" ind2=" ">
    <subfield code="a">Mart&#xED;nez Riera, Jos&#xE9; Ram&#xF3;n</subfield>
    <subfield code="d">1958-</subfield>
    <subfield code="e">director de la publicaci&#xF3;n</subfield>
    <subfield code="e">autor</subfield>
    <subfield code="4">pbd </subfield>
    <subfield code="4">aut</subfield>
  </datafield>
  <datafield tag="700" ind1="1" ind2=" ">
    <subfield code="a">Pino Casado, Rafael del</subfield>
    <subfield code="e">director de la publicaci&#xF3;n</subfield>
    <subfield code="e">autor</subfield>
    <subfield code="4">pbd </subfield>
    <subfield code="4">aut</subfield>
  </datafield>
  <datafield tag="942" ind1=" " ind2=" ">
    <subfield code="2">ddc</subfield>
    <subfield code="c">BK</subfield>
    <subfield code="n">0</subfield>
  </datafield>
  <datafield tag="980" ind1=" " ind2=" ">
    <subfield code="6">18226</subfield>
    <subfield code="a">Jaime Vilcaz&#xE1;n Jefe de An&#xE1;lisis Documental</subfield>
    <subfield code="8">1</subfield>
    <subfield code="g">ALBERTO SANCHEZ Responsable de Automatizaci&#xF3;n</subfield>
  </datafield>
  <datafield tag="999" ind1=" " ind2=" ">
    <subfield code="c">61646</subfield>
    <subfield code="d">61646</subfield>
  </datafield>
  <datafield tag="952" ind1=" " ind2=" ">
    <subfield code="r">2025-12-03 00:00:00</subfield>
    <subfield code="i">1</subfield>
    <subfield code="l">1</subfield>
    <subfield code="o">610.7343 M294</subfield>
    <subfield code="p">81219</subfield>
    <subfield code="s">2023-08-17</subfield>
    <subfield code="t">e1</subfield>
    <subfield code="v">53.11</subfield>
    <subfield code="w">2022-11-28</subfield>
    <subfield code="x">FCS</subfield>
    <subfield code="y">BK</subfield>
    <subfield code="z">inventario-2023-12-13</subfield>
    <subfield code="1">0</subfield>
    <subfield code="2">ddc</subfield>
    <subfield code="5">0</subfield>
    <subfield code="7">0</subfield>
    <subfield code="8">GEN</subfield>
    <subfield code="f">P22</subfield>
    <subfield code="a">BUL</subfield>
    <subfield code="b">BUL</subfield>
    <subfield code="c">GEN</subfield>
    <subfield code="d">2022-11-24</subfield>
    <subfield code="e">Pardo Almeyda, Javier Eduardo</subfield>
    <subfield code="g">48.11</subfield>
  </datafield>
</record>
